000 01961cam a22005054i 4500
003 PE-LiUPU
005 20250731173507.0
008 150616s1995 miu rb 000 0 spa d
020 _a0802809235
035 _a(Sirsi) i9780802809230
040 _aPE-LiUPU
_bspa
_cPE-LiUPU
_erda
049 _aPRUA
082 0 4 _a241
_bM82
_221
100 1 _aMott, Stephen Charles,
_eautor.
245 1 0 _aEtica Bíblica y Cambio Social /
_cStephen Charles Mott.
264 1 _aGrand Rapids, Michigan :
_bWm B. Eerdmans Publishing Co.,
_c1995.
300 _a259 páginas ;
_c22 centímetros
336 _atext
_2rdacontent
337 _aunmediated
_2rdamedia
338 _avolume
_2rdacarrier
504 _aIncluye bibliografía.
505 0 _aUna teología bíblica de la acción social -- Sendas hacia la justicia.
526 _aSEG42
526 _aSEG41
526 _aSEG40
526 _aSEG39
526 _aP94
526 _aP87
526 _aP86
526 _aP85
526 _aP77
526 _aP76
526 _aP35
650 0 4 _aEtica cristiana
_xEtica en la Biblia.
910 _ajck
_bjvq
_cjck
942 _2ddc
_cBOOK
949 _a241 M82
_wDEWEY
_c1
_i40504
_lCCODEBUL1
_mBUL
_r0
_sY
_tBOOK
_u2015-6-16
_xTEOLOGIA
_zUNKNOWN
_0COMPRA
_o.STAFF. Colección General
949 _a241 M82
_wDEWEY
_c2
_i53805
_d2015-8-20
_e2015-8-14
_lCCODEBUL1
_mBUL
_n1
_r0
_sY
_tBOOK
_u2015-6-16
_xTEOLOGIA
_zUNKNOWN
_0COMPRA
_o.STAFF. Colección General
994 _aC0
_bPEPRU
596 _a1
999 _a241 M82
_wDEWEY
_c58296
_i40504
_f2021-11-10
_g5
_lCCODEBUL1
_mBUL
_r0
_sY
_tBOOK
_u2015-6-16
_xTEOLOGIA
_zUNKNOWN
_0COMPRA
_o.STAFF. Colección General
_d58296
999 _a241 M82
_wDEWEY
_c2
_i53805
_d2018-8-24
_e2018-8-23
_f2021-11-10
_g5
_lCCODEBUL1
_mBUL
_n2
_p10.00
_r0
_sY
_tBOOK
_u2015-6-16
_xTEOLOGIA
_PP35
_0COMPRA
_o.STAFF. Colección Teología
980 _81
_gALBERTO SANCHEZ Responsable de Automatización